Statistics for Anatomy of the Human Eye Quiz

Click here to take the quiz!

General Stats

  • This quiz has been taken 380 times
  • The average score is 6 of 10

Answers on the Map

Answers color-coded by a green-red scale on the quiz's map according to % correct below.
 

Answer Stats

Part% Correct
Iris
90%
Cornea
83%
Lens
83%
Retina
82%
Optic nerve
75%
Pupil
74%
Sclera
58%
Vitreous body
43%
Ciliary body
36%
Choroidea
14%

Score Distribution

Percentile by Number Answered

Percent of People with Each Score

Your Score History

You have not taken this quiz